Giải thích các từ gần âm, gần nghĩa dễ nhầm lẫn

Na minha lista:
Detalhes bibliográficos
Autor principal: Trương Chính
Formato: Livro
Publicado em: Hà Nội Giáo dục 1997
Assuntos:
Tags: Adicionar Tag
Sem tags, seja o primeiro a adicionar uma tag!
Thư viện lưu trữ: Trung tâm Học liệu Lê Vũ Hùng, Trường Đại học Đồng Tháp
LEADER 00770pam a22002418a 4500
001 00028084
005 20171026081023.0
008 120104s1997 ||||||Viesd
020 |c 12200 
041 0 # |a Vie 
082 1 4 |a 495.922 8  |b GT103TH 
100 0 # |a Trương Chính 
245 1 0 |a Giải thích các từ gần âm, gần nghĩa dễ nhầm lẫn  |c Trương Chính 
260 # # |a Hà Nội  |b Giáo dục  |c 1997 
300 # # |a 232 tr.  |c 21 cm. 
650 # 4 |a Chính tả 
653 # # |a Tiếng Việt 
653 # # |a Đồng nghĩa 
653 # # |a Đồng âm 
852 # # |b Kho mượn  |j KM.0004866 
852 # # |j KM.0004866 
910 |d 04/01/2012 
980 # # |a Trung tâm Học liệu Lê Vũ Hùng, Trường Đại học Đồng Tháp